000 01055nam a2200301Ia 4500
003 GCL
005 20240530103453.0
008 140319s9999 xx 000 0 ara d
040 _aGCL /
_cGCL
082 0 4 _a325.3
_bج ا
100 1 _aجمال حمدان
245 1 0 _aاستراتيجية الاستعمار والتحرير /
_cجمال حمدان
260 _aالقاهرة:
_bدار الهلال،
300 _a438 ص؛
_c16 سم
650 0 4 _aالولايات المتحدة الامريكية
650 0 4 _aالسياسة الدولية
650 0 4 _aالعلاقات الدولية
650 0 4 _aالسياسة الخارجية
650 0 4 _aالاستعمار فى البلاد العربية
650 0 4 _aالقوى العظمى
650 0 4 _aالسياسة العسكرية
650 0 4 _aالاستعمار البريطانى
650 0 4 _aالحرب الذرية
650 0 4 _aالاستعمار الجديد
650 0 4 _aالكشوف الجغرافية
650 0 4 _aالسياسة - تاريخ
942 _2ddc
_cBK
999 _c39693
_d39693